How leadership reputations are won and lost : how to build a successful reputation and create a personal brand to fast-track career success /

Bibliographic Details
Main Author: Ford, Richard, (Author)
Format: eBook
Language:English
Published: Oxfordshire : Libri Publishing, [2020]
Subjects:
Online Access:Click to View
LEADER 01663nam a2200373 i 4500
001 EBC6028906
003 MiAaPQ
005 20200401164610.0
006 m o d |
007 cr cnu||||||||
008 200401s2020 enka o 000 0 eng d
020 |z 9781911450627 
020 |a 9781911450672 (e-book) 
035 |a (MiAaPQ)EBC6028906 
035 |a (Au-PeEL)EBL6028906 
035 |a (OCoLC)1138012713 
040 |a MiAaPQ  |b eng  |e rda  |e pn  |c MiAaPQ  |d MiAaPQ 
050 4 |a HD57.7  |b .F673 2020 
082 0 |a 658.4092  |2 23 
100 1 |a Ford, Richard,  |e author. 
245 1 0 |a How leadership reputations are won and lost :  |b how to build a successful reputation and create a personal brand to fast-track career success /  |c Richard Ford. 
264 1 |a Oxfordshire :  |b Libri Publishing,  |c [2020] 
264 4 |c 2020 
300 |a 1 online resource (xvi, 305 pages) :  |b illustrations 
336 |a text  |b txt  |2 rdacontent 
337 |a computer  |b c  |2 rdamedia 
338 |a online resource  |b cr  |2 rdacarrier 
588 |a Description based on print version record. 
590 |a Electronic reproduction. Ann Arbor, MI : ProQuest, 2018. Available via World Wide Web. Access may be limited to ProQuest affiliated libraries. 
650 0 |a Leadership. 
655 4 |a Electronic books. 
776 0 8 |i Print version:  |a Ford, Richard.  |t How leadership reputations are won and lost : how to build a successful reputation and create a personal brand to fast-track career success.  |d Oxfordshire : Libri Publishing, c2020   |h xvi, 305 pages   |z 9781911450627 
797 2 |a ProQuest (Firm) 
856 4 0 |u https://ebookcentral.proquest.com/lib/matrademy/detail.action?docID=6028906  |z Click to View